000 04164cgm a2200745Ia 4500
001 ocm47112404
003 OCoLC
005 20241220110229.0
008 010612s2001 cau143 g vleng d
007 vd cvaizq
040 _aVTL
_cVTL
_dOCL
_dOCLCQ
_dTMI
_dOCLCQ
_dSTF
_dOCLCQ
_dOCLCG
_dWAU
_dKSA
_dUV$
_dJBO
_dSINLB
_dHT#
_dBTCTA
_dOCLCA
_dOKN
_dUINTA
019 _a47124144
_a308557828
024 1 _a024543017912
024 1 0 _a024543017905
028 4 0 _a2001790
_bTwentieth Century Fox
029 1 _aNZ1
_b11622973
029 1 _aAU@
_b000043600953
035 _a(OCoLC)47112404
_z(OCoLC)47124144
_z(OCoLC)308557828
050 4 _aPN1997
_b.C37 2001
082 0 4 _a791.4372
_221
049 _aUCLB
082 _aDVD
092 _aDVD
130 0 _aCast away (Motion picture)
_96108806
245 1 0 _aCast away
_h[videorecording] /
_cTwentieth Century Fox and Dreamworks Pictures present an Imagemovers/Playtone production ; a Robert Zemeckis Film ; directed by Robert Zemeckis ; written by William Broyles, Jr. ; produced by Steve Starkey, Tom Hanks, Robert Zemeckis, Jack Rapke.
246 3 _aCastaway
250 _aWidescreen version, special ed. 2-disc set.
260 _aBeverly Hills, Calif. :
_bTwentieth Century Fox Home Entertainment,
_cc2001.
300 _a2 videodiscs (ca. 143 min.) :
_bsd., col. ;
_c4 3/4 in.
538 _aDVD, region 1; NTSC; Dolby surround; anamorphic widescreen (aspect ratio 1.85:1).
546 _aDialogue in English with optional soundtrack in French and optional subtitles in English and Spanish; closed-captioned in English for the hearing impaired.
500 _aOriginally released as a motion picture in 2000.
505 0 _aCommentary by Robert Zemeckis & crew ; "The Charlie Rose Show" interview with Tom Hanks ; "Wilson: the life & death of a Hollywood extra" featurette ; "The Island" featurette ; special effects vignettes ; "S.T.O.P.: surviving as a castaway" survivalists documentary ; HBO "First Look" documentary ; Storyboard-to-film comparison ; Concept art gallery ; Theatrical trailers & TV spots.
511 1 _aTom Hanks, Helen Hunt, Nick Searcy, Jenifer Lewis, Geoffrey Blake, Peter von Berg, Chris Noth, Lari White.
508 _aDirector of photography, Don Burgess ; edited by Arthur Schmidt ; music composed and conducted by Alan Silvestri ; production designer, Rick Carter ; art direction, Stefan Dechant, Elizabeth Lapp, Jim Teegarden ; set decoration, Rosemary Brandenburg, Karen O'Hara ; costume designer, Joanna Johnston ; executive producer, Joan Bradshaw.
520 _aChuck, a top international manager for FedEx, and Kelly, a Ph. D. student, are in love and heading towards marriage. Then Chuck's plane to Malaysia ditches at sea during a terrible storm. He's the only survivor, and he washes up on a tiny island with nothing but some flotsam and jetsam from the aircraft's cargo. Can he survive in this tropical wasteland? Will he ever return to woman he loves?
521 8 _aRated PG-13.
650 0 _aAirplane crash survival
_vDrama.
_95773194
650 0 _aCastaways
_vDrama.
_95721540
655 7 _aSurvival films.
_2lcgft
_95746792
655 7 _aFeature films.
_2lcgft
_96108807
655 7 _aFilms for the hearing impaired.
_2lcgft
_95673866
700 1 _aZemeckis, Robert,
_d1952-
_926003
700 1 _aBroyles, William.
_923798
700 1 _aStarkey, Steve.
_938821
700 1 _aHanks, Tom.
_929715
700 1 _aRapke, Jack.
_968409
700 1 _aHunt, Helen,
_d1963-
_961891
700 1 _aSearcy, Nick.
_976993
700 1 _aLewis, Jenifer,
_d1957-
_969659
700 1 _aBlake, Geoffrey,
_d1962-
_970144
700 1 _aVon Berg, Peter.
_96108808
700 1 _aNoth, Christopher,
_d1957-
_964690
700 1 _aBurgess, Don,
_d1956-
_95778478
700 1 _aSilvestri, Alan.
_933116
710 2 _aTwentieth Century-Fox Film Corporation.
_95758
710 2 _aDreamworks Pictures.
_964643
710 2 _aImageMovers (Firm)
_968411
710 2 _aPlaytone (Firm)
_968410
710 2 _aTwentieth Century Fox Home Entertainment, Inc.
_961951
938 _aBaker and Taylor
_bBTCP
_nBEDDTW 2001791
942 _cDVD
_0256
994 _aC0
_bUINTA
998 _aa26798
999 _c13721
_d13721